000 00371nam a2200145Ia 4500
008 230917s9999||||xx |||||||||||||| ||und||
040 _e58350
_aMAIN
041 _aEnglish
082 _a657.48 M139I
100 _aMcCullers, Levis D
245 0 _aIntroduction to financial accounting
260 _aLos Angeles
_bMelville
_c1975
300 _axxvi, 419 p.
942 _cBK
999 _c168246
_d168246